| 000 | 00561nam a2200181 i 4500 | ||
|---|---|---|---|
| 001 | 111623 | ||
| 003 | ES-MaACL | ||
| 005 | 20250920063054.0 | ||
| 007 | t| | ||
| 008 | 061121q1920 sp |||| | spa d | ||
| 100 | 1 |
_aNervo, Amado, _d1870-1919 _985404 |
|
| 245 | 1 | 3 |
_aEl diamante de la inquietud _b: (novelas) / _cAmado Nervo ; prólogo de Alfonso Reyes. |
| 260 |
_aMadrid : _bBiblioteca Nueva, _c[ca. 1920] |
||
| 300 |
_a258 p. ; _c19 cm. |
||
| 700 | 1 |
_aReyes, Alfonso, _d1889-1959 _996554 |
|
| 852 |
_aES-MaACL _jF-12135 |
||
| 999 |
_c111623 _d111623 |
||